Cure by vegetables & fruits / (Record no. 193415)

MARC details
000 -LEADER
fixed length control field 00529nam a22001817a 4500
005 - DATE AND TIME OF LATEST TRANSACTION
control field 20221028120928.0
010 ## - LCCN (DPL NO)
LC control number ENG-135567
020 ## - INTERNATIONAL STANDARD BOOK NUMBER
International Standard Book Number 9788190570404
Terms of availability 400.00
035 ## - SYSTEM CONTROL NUMBER
System control number EN-119099
037 ## - SOURCE OF ACQUISITION
Source of stock number/acquisition DBAD/PUB
082 ## - DEWEY DECIMAL CLASSIFICATION NUMBER
Classification number 634.5
100 ## - MAIN ENTRY--PERSONAL NAME
Personal name Sethi, Nitin
245 ## - TITLE STATEMENT
Title Cure by vegetables & fruits /
Statement of responsibility, etc by Nitin Sethi
260 ## - PUBLICATION, DISTRIBUTION, ETC. (IMPRINT)
Place of publication, distribution, etc Utter Predesh
Name of publisher, distributor, etc Saraswati Book Company
Date of publication, distribution, etc 2016
270 ## - ADDRESS
Address E-108, Sector-22 Noida
City Utter Predesh
300 ## - PHYSICAL DESCRIPTION
Extent 172p.
Dimensions 22cm(pbk)
Other physical details Index
942 ## - ADDED ENTRY ELEMENTS (KOHA)
Source of classification or shelving scheme Dewey Decimal Classification
Item type English Books
Call number suffix SET
Classification part 634.5
Holdings
Withdrawn status Lost status Not for loan Collection code Home library Current library Date acquired Source of acquisition Cost, normal purchase price Full call number Barcode Copy number Cost, replacement price Koha item type
      Non-fiction Bawana Bawana 28/10/2022 DBAD 400.00 634.5 SET EN-119099 1 400.00 English Books

© Delhi Public Library
Hit Counter
free hit counter